000 00338nam a2200133Ia 4500
008 231017s9999 xx 000 0 und d
082 _a625.85
082 _bRUS
245 0 _aNCHRP Report 447: Testing and Inspection Levels for Hot-Mix Asphaltic Concrete Overlays
245 0 _cTRB
260 _bTRB
300 _c30cm
942 _cREP
999 _c604807
_d604807